logo

Bir Sreshtho Munshi Abdur Rouf Library
Jhenaidah Cadet College

Our Music A Historical Study / (Record no. 8524)

MARC details
000 -LEADER
fixed length control field 00538nam a2200217 a 4500
001 - CONTROL NUMBER
JCCL Control Number 8524
003 - CONTROL NUMBER IDENTIFIER
JCCL marc code BD-JhCC
005 - DATE AND TIME OF LATEST TRANSACTION
control field 20180226192338.0
008 - FIXED-LENGTH DATA ELEMENTS--GENERAL INFORMATION
fixed length control field 180226b xxu||||| |||| 00| 0 eng d
035 ## - SYSTEM CONTROL NUMBER
system control number (BD-JhCC) 8524
040 ## - CATALOGING SOURCE
Original cataloging agency BD-JhCC
Modifying agency BD-JhCC
041 ## - LANGUAGE CODE
Language code of Book eng
082 ## - DEWEY DECIMAL CLASSIFICATION NUMBER
Classification number 781.264
Author mark and Year MUS 1977
100 ## - MAIN ENTRY--PERSONAL NAME
Personal name Mustafa, M.N
245 ## - TITLE STATEMENT
Title Our Music A Historical Study /
Statement of responsibility, etc M.N Mustafa
260 ## - PUBLICATION, DISTRIBUTION, ETC. (IMPRINT)
Place of publication, distribution, etc Chittagong :
Name of publisher, distributor, etc Bohi Ghar ,
Date of publication, distribution, etc 1977
300 ## - PHYSICAL DESCRIPTION
Pagination 200 p .:
Dimensions 22 cm .
650 ## - SUBJECT ADDED ENTRY--TOPICAL TERM
Topical term or geographic name as entry element Music, India
942 ## - ADDED ENTRY ELEMENTS (KOHA)
Source of classification or shelving scheme Dewey Decimal Classification
Koha item type Books
Holdings
Source of classification or shelving scheme Damaged status Not for loan Home library Current library Shelving location Date of accession Cost, normal purchase price Total Checkouts Full call number Barcode Date last seen Copy number Koha item type
Dewey Decimal Classification     JCC Rouf Library JCC Rouf Library General Stacks 02/26/2018 30.00   781.264 MUS 1977 10693 02/26/2018 C-1 Books

JCC Library | Contacts | JCC Home

Last Update on 23 September 2017
Copyright @ 2017-2020 JCC Rouf Library
Rouf Library, Jhenidah Cadet College (JCC), Bangladesh